000 01096nam a2200289 4500
003 EG-GICUC
005 20260203142300.0
008 260203s1929 -us||||fr|||| 000 0 eng d
040 _aEG-GiCUC
_beng
_cEG-GiCUC
_dEG-GiCUC
_erda
041 _aeng
082 0 4 _221
_a341.511
_bIN
092 0 4 _221
099 _aLaw1 11 341.511 IN 1929
245 1 4 _aInternational Adjudications :
_bAncient And Modern History And Documents Together With Mediatorial Reports, Advisory Opinions, And The Decisions Of Domestic Commissions, On International Claims.
_nVolume I,
_pModern Series /
_cEdited By John Bassett Moore
264 3 _aNew York :
_bOxford University Press,
_c1929.
300 _a513 pages,
_c24 cm.
336 _2rda content
_atext
337 _2rda media
_aComputer
338 _2rda carrier
_aOnline Resource
504 _aIncludes bibliographical references.
546 _aText in English
650 1 4 _aPublic international law
700 1 _aMoore, John Bassett
_eeditor.
856 4 0 _uhttps://fll.law.cu.edu.eg/fulltext/bks/B11-07062.pdf
905 _a48
942 _2ddc
_n0
_cBK
_e21
999 _c60603
_d60603